000 00742nam a2200253Ia 4500
003 OSt
005 20220928113236.0
006 a|||||r|||| 00| 0
007 ta
008 220927b |||||||| |||| 00| 0 eng d
020 _cINR 499.00
024 _a139476
037 _b038, 30/01/2019, Kiran Book Service
_cTextual
040 _aSDCL
_cSDCL
_beng
041 _2eng
_aeng
082 _aNW:(S), Q3
100 _aLee Jason
_9432120
245 0 _aPsychology of screenwriting
_b Theory and practice
260 _aNew Delhi
_bBloomsbury
_c2013
300 _avi,191p.
_ccm.
650 _aApplied Psychology
942 _hNW:(S), Q3
_cTEXL
_2CC
999 _c748687
_d748687